00610 2200193 4500001002100000005001500021035002000036007000300056008003900059082001600098084002200114100002200136245013000158260005300288300004000341650001100381600001100392022001300403INLIS00000000000117020250205085157 a0010-0225000008ta250205 | | |  a633.1-631.4 a633.1-631.4 SUR i0 aSurtinah Surtinah1 aIncreasing Sweet Corn Production: Fertilizing Zea Mays Saccharata, Sturt Context in Pekanbaru. Indonesia /cSurtinah Surtinah aUnited Kingdom, Bristol :bIOP Publishing,c2020 a1-6 hlm, :bIlus ;c21 cm x 29,7 cm 4aJurnal 4aJagung a17551315